Software for use : (Record no. 14256)
[ view plain ]
| 000 -LEADER | |
|---|---|
| fixed length control field | 00791nam a2200205 a 4500 |
| 003 - CONTROL NUMBER IDENTIFIER | |
| control field | PILC |
| 005 - DATE AND TIME OF LATEST TRANSACTION | |
| control field | 20150112093428.0 |
| 008 - FIXED-LENGTH DATA ELEMENTS--GENERAL INFORMATION | |
| fixed length control field | 100713s19uu xx 00 eng d |
| 020 ## - INTERNATIONAL STANDARD BOOK NUMBER | |
| International Standard Book Number | 9780201924787 |
| 050 ## - LIBRARY OF CONGRESS CALL NUMBER | |
| Classification number | QA 76.76.A65 |
| Item number | .C665 1999 |
| 082 ## - DEWEY DECIMAL CLASSIFICATION NUMBER | |
| Classification number | CSF 005.1 |
| Item number | C76 1999 |
| 100 ## - MAIN ENTRY--PERSONAL NAME | |
| Personal name | Constantine, Larry L. |
| 9 (RLIN) | 5693 |
| 245 ## - TITLE STATEMENT | |
| Title | Software for use : |
| Remainder of title | a practical guide to the models and methods of usage-centered design / |
| Statement of responsibility, etc | Larry L. Constantine, Lucy A.D. Lockwood. |
| 260 ## - PUBLICATION, DISTRIBUTION, ETC. (IMPRINT) | |
| Place of publication, distribution, etc | New York : |
| Name of publisher, distributor, etc | Association for Computing Machionery, Inc, |
| Date of publication, distribution, etc | 1999. |
| 300 ## - PHYSICAL DESCRIPTION | |
| Extent | 579 pages : |
| Other physical details | illustration ; |
| Dimensions | 24 cm. |
| 500 ## - GENERAL NOTE | |
| General note | Includes bibliographical references and index. |
| 650 ## - SUBJECT ADDED ENTRY--TOPICAL TERM | |
| Topical term or geographic name as entry element | Application software-Development |
| General subdivision | System application |
| 9 (RLIN) | 5694 |
| 700 ## - ADDED ENTRY--PERSONAL NAME | |
| Personal name | Lockwood, Lucy A.D. |
| 9 (RLIN) | 5695 |
| 942 ## - ADDED ENTRY ELEMENTS (KOHA) | |
| Source of classification or shelving scheme | Library of Congress Classification |
| Koha item type | Books |
| Withdrawn status | Lost status | Source of classification or shelving scheme | Damaged status | Home library | Current library | Shelving location | Date acquired | Total Checkouts | Full call number | Barcode | Date last seen | Copy number | Price effective from | Koha item type |
|---|---|---|---|---|---|---|---|---|---|---|---|---|---|---|
| Library of Congress Classification | Southville International School Affiliated with Foreign Universities Library | Southville International School Affiliated with Foreign Universities Library | Southville Foreign University Section | 07/29/2013 | QA 76.76.A65 .C665 1999 | SFU0079 | 05/15/2018 | 1 | 07/29/2013 | Books |